| 000 | 00958cam a22002653a 4500 | ||
|---|---|---|---|
| 001 | 19723 | ||
| 003 | PGUSA | ||
| 005 | 20140828083422.0 | ||
| 008 | 061106s2006||||xxu|||||s|||||000 | eng d | ||
| 040 |
_aPGUSA _beng |
||
| 042 | _adc | ||
| 050 | 4 | _aE011 | |
| 100 | 1 |
_aMindeleff, Cosmos, _d1863- |
|
| 245 | 1 | 4 |
_aThe Cliff Ruins of Canyon de Chelly, Arizona : _bSixteenth Annual Report of the Bureau of Ethnology to the Secretary of the Smithsonian Institution, 1894-95, Government Printing Office, Washington, 1897, pages 73-198 _h[electronic resource] / _cCosmos Mindeleff |
| 260 |
_bProject Gutenberg, _c2006 |
||
| 506 | _aPublic domain in the USA. | ||
| 516 | _aElectronic text | ||
| 653 | _aPueblo Indians -- Antiquities | ||
| 653 | _aCliff-dwellings -- Arizona | ||
| 653 | _aChelly, Canyon de (Ariz.) | ||
| 653 | _aArizona -- Antiquities | ||
| 830 | 0 |
_aProject Gutenberg _v19723 |
|
| 856 | 4 | 0 | _uhttp://www.gutenberg.org/ebooks/19723 |
| 942 | _cEB | ||
| 999 |
_c248978 _d248978 |
||